00764nam a22002297a 45000010005000000030006000050050017000110080041000280200015000690400029000841000032001132450094001452500019002392600040002583000049002985050008003475200065003555210030004205210020004506500026004707000038004963883FISKH20240521114243.0240521b cb ||||| |||| 00| 0 eng d a1879835592 aFISKHbengcFISKHdFISKH aGeddles, Diana E. eauthor  aLet's play basketball / cwritten by Diana E. Geddles : illustrated by Kate Salley Palmer aFirst edition  aOhio :bKaeden Corporation ;c1993  a16 pages : bcolor illustrations ;c21 cm .  aC  aThis story is about two friends who love to play basketball.8 a100 bLexile estimate 8 aC bRaz-Plus  abasketball vfiction  aPalmer, Kate Salleyeillustrator